ბათუმის შოთა რუსთაველის სახელმწიფო უნივერსიტეტის ბიბლიოთეკა

შესავალი ელექტროტექნიკაში / (ბიბ.ჩანაწერი № 58026)

000 -ლიდერი
ფიქსირებული სიგრძის საკონტროლო ველი 01308nam a22002297a 4500
003 - საკონტროლო ნომრის იდენტიფიკატორი
საკონტროლო ველი Ge_BSU
005 - ბოლო ოპერაციის თარიღი და დრო
საკონტროლო ველი 20210517124409.0
008 - ფიქსირებული სიგრძის მონაცემთა ელემენტები - ზოგადი ინფორმაცია
ფიქსირებული სიგრძის საკონტროლო ველი 210517s2008 ge ||||| |||| 00| 0 geo d
020 ## - წიგნის საერთაშორისო სტანდარტული ნომერი
International Standard Book Number 9789941141584
041 ## - ენის კოდი
Language code of text/sound track or separate title geo
080 ## - უნივერსალური ათობითი კლასიფიკაციის ინდექსი
Universal Decimal Classification number 621.3(075.8) მ-92
100 ## - მთავარი ჩანაწერი - პიროვნების სახელი
Personal name მუსელიანი, თენგიზ
9 (RLIN) 11802
245 ## - ცნობა სათაურის შესახებ
Title შესავალი ელექტროტექნიკაში /
Statement of responsibility, etc თენგიზ მუსელიანი, გიორგი დოლაბერიძე ; [ რეცენ. : პროფ. გ. მახარაძე. საერთო რედ. : პროფ. შ. ნაჭყებია. კომპ. უზ. : ნ. ჯაში.
264 ## - წარმოების, გამოცემის, დისტრიბუციის და სხვა ცნობები
გამოცემის, წარმოების, დისტრიბუციის... ადგილი თბ. :
გამოცემის, წარმოების, დისტრიბუციის... სახელწოდება [ ,,ტექნიკური უნივერსიტეტი , ]
გამოცემის, წარმოების, დისტრიბუციის... თარიღი 2008.
300 ## - ფიზიკური აღწერა
Extent 483 გვ.
Other physical details ნახ.
Dimensions 20 სმ.
653 ## - INDEX TERM--UNCONTROLLED
Uncontrolled term შესავალი ელექტრონოკაში
653 ## - INDEX TERM--UNCONTROLLED
Uncontrolled term ელექტრონოკა
700 ## - ADDED ENTRY--PERSONAL NAME
Personal name დოლაბერიძე, გიორგი
Relator term ავტორი
9 (RLIN) 11803
700 ## - ADDED ENTRY--PERSONAL NAME
Personal name ნაჭყებია, შ.
Relator term რედაქტორი
9 (RLIN) 11804
710 ## - ADDED ENTRY--CORPORATE NAME
Corporate name or jurisdiction name as entry element საქართველოს ტექნიკური უნივერსიტეტი
9 (RLIN) 11805
942 ## - ADDED ENTRY ELEMENTS (KOHA)
Source of classification or shelving scheme
Koha item type წიგნი
ეგზემპლარები
ჩამოწერის სტატუსი დაკარგული ეგზემპლარის სტატუსი კლასიფიკაციის წყარო ან თაროზე გაწყობის სქემა დაზიანების სტატუსი არ გაიცემა მუდმივი მდებარეობა (დაცვის ადგილი) ამჟამინდელი ადგილსამყოფელი თაროზე განთავსების ადგილი შეძენის თარიღი ღირებულება, შესყიდვის ნორმალური ფასი სრული შენახვის შიფრი შტრიხკოდი ბოლო ოპერაციის თარიღი ეგზემპლარის მიმდევრობითი ნომერი (კეტერი?) ფასის ძალაში შესვლის თარიღი ეგზემპლარის სახეობა საჯარო შენიშვნა
          ტექნოლოგიური ფაკულტეტის ბიბლიოთეკა ტექნოლოგიური ფაკულტეტის ბიბლიოთეკა წიგნსაცავი 2021-05-17 12.00 621.3(075.8) მ-92 61322 2021-05-17 61322 2021-05-17 წიგნი 12 ლ.